书目信息 |
| 题名: |
园林设计与绿化树种配置研究
|
|
| 作者: | 李亚鑫, , 王静 , 韩小英 著 | |
| 分册: | ||
| 出版信息: | 哈尔滨 东北林业大学出版社 2024.08 |
|
| 页数: | 229页 | |
| 开本: | 24cm | |
| 丛书名: | ||
| 单 册: | ||
| 中图分类: | TU986.2 , S79 | |
| 科图分类: | ||
| 主题词: | 园林设计--yuan lin she ji--研究 , 绿化--lv hua--树种选择--研究 | |
| 电子资源: | ||
| ISBN: | 978-7-5674-3670-1 | |
| 000 | 01392nam0 2200301 450 | |
| 001 | 89854 | |
| 005 | 20250815070417.69 | |
| 010 | @a978-7-5674-3670-1@dCNY76.00 | |
| 100 | @a20250611d2024 em y0chiy50 ea | |
| 101 | 0 | @achi |
| 102 | @aCN@b230000 | |
| 105 | @aa a 000yy | |
| 106 | @ar | |
| 200 | 1 | @a园林设计与绿化树种配置研究@Ayuan lin she ji yu lv hua shu zhong pei zhi yan jiu@f李亚鑫, 王静, 韩小英著 |
| 210 | @a哈尔滨@c东北林业大学出版社@d2024.08 | |
| 215 | @a229页@c图@d24cm | |
| 314 | @a李亚鑫, 1984年出生, 女, 汉族, 甘肃白银人, 毕业于西北农林科技大学农学院作物遗传育种专业, 硕士研究生, 高级园林工程师, 现任石嘴山市大武口区林业技术推广服务中心副主任。 | |
| 320 | @a有书目 (第228-229页) | |
| 330 | @a本书全面涵盖了园林设计和绿化树种配置领域的核心理念和实践方法, 为读者提供了深入洞察如何在城市环境中创造令人惊叹的绿色空间的宝贵知识。本书系统介绍了园林设计的基本原则, 包括地形分析、空间布局、景观元素的选择等关键概念。通过深入讨论设计中的艺术性和功能性平衡, 读者将更好地理解如何通过设计手法塑造出令人愉悦的园林景观, 提升城市居民的生活品质。 | |
| 606 | 0 | @a园林设计@Ayuan lin she ji@x研究 |
| 606 | 0 | @a绿化@Alv hua@x树种选择@x研究 |
| 690 | @aTU986.2@v5 | |
| 690 | @aS79@v5 | |
| 701 | 0 | @a李亚鑫,@Ali ya xin@f1984-@4著 |
| 701 | 0 | @a王静@Awang jing@4著 |
| 701 | 0 | @a韩小英@Ahan xiao ying@4著 |
| 801 | 0 | @aCN@c20250909 |
| 905 | @a河南城建学院图书馆@dTU986.2@eL310@f1 | |
| 园林设计与绿化树种配置研究/李亚鑫, 王静, 韩小英著.-哈尔滨:东北林业大学出版社,2024.08 |
| 229页:图;24cm |
| ISBN 978-7-5674-3670-1:CNY76.00 |
| 本书全面涵盖了园林设计和绿化树种配置领域的核心理念和实践方法, 为读者提供了深入洞察如何在城市环境中创造令人惊叹的绿色空间的宝贵知识。本书系统介绍了园林设计的基本原则, 包括地形分析、空间布局、景观元素的选择等关键概念。通过深入讨论设计中的艺术性和功能性平衡, 读者将更好地理解如何通过设计手法塑造出令人愉悦的园林景观, 提升城市居民的生活品质。 |
| ● |
| 相关链接 |
|
|
|
正题名:园林设计与绿化树种配置研究
索取号:TU986.2/L310
 
预约/预借
| 序号 | 登录号 | 条形码 | 馆藏地/架位号 | 状态 | 备注 |
| 1 | 1623816 | 216238168 | 建筑库201/201建筑库 68排1列3层/ [索取号:TU986.2/L310] | 在馆 |